00693 2200253 4500001002100000005001500021035002000036245008600056100001900142250000600161300003500167700001500202260004600217082000800263084001400271020001800285650001000303008004100313990001700354990001700371990001700388990001700405990001700422INLIS00000000000088520190316043217 a0010-03190000981 aSeri IPS Geografi :bKehidupan Di Muka Bumi /cAkhmad Zamroni; Editor, Sri Rejeki0 aAkhmad Zamroni a- avi, 74 hlm. :bilus. ;c21 cm.0 aSri Rejeki aSurakarta :bPT Widya Duta Grafika,c2007 a500 a500 AKH s a979-517-549-1 aSains190316 0  a03195/H/2018 a03196/H/2018 a03197/H/2018 a03198/H/2018 a03270/H/2018